| 000 | 00582nam a2200217Ia 4500 | ||
|---|---|---|---|
| 001 | 12382 | ||
| 003 | GE_BSU | ||
| 008 | 181216s||||||||xx |||||||||||||| ||und|| | ||
| 040 | _cGE_BSU | ||
| 080 | _a635(075.03) | ||
| 100 | _aЭдельштеин,В.И. | ||
| 245 | _aОвощеводство | ||
| 245 | _cРед.А.Г.Чижевский | ||
| 260 | _aМосква | ||
| 260 | _bизд-во сельхоз. лит-ры | ||
| 260 | _c1953 | ||
| 300 | _a487стр.27см. | ||
| 300 | _eПриложение стр 481-482 | ||
| 653 | _aОвощеводство | ||
| 942 | _cBK | ||
| 999 |
_c45556 _d45556 |
||